Maquiavelo : (Registro nro. 326530)

Detalles MARC
000 -ENCABEZADO
Número de control [NR] 01369nam a22002417a 4500
005 - FECHA Y HORA DE LA ÚLTIMA TRANSACCIÓN
control field 20260617145943.0
008 - DE LONGITUD FIJA DE DATOS DE ELEMENTOS - INFORMACIÓN GENERAL
Elementos de longitud fija [NR] 260617t2015 |||||||| |||| 00| 0 spa d
040 ## - FUENTE DE CATALOGACION [NR]
Agencia de catalogación original [NR] CO-BoUCM
Idioma de catalogación [NR] spa
Quien Cataloga Stefania Borbon
Quien Clasifica Stefania Borbon
041 ## - CODIGO DE IDIOMA [R]
Código de idioma para texto/pista de sonido o título separado [R] Español
100 ## - ASIENTO PRINCIPAL--NOMBRE PERSONAL [NR]
Nombre personal [NR] Iturralde Blanco, Ignacio
ID Autoridad 189745
245 ## - MENCION DE TITULO [NR]
Título [NR] Maquiavelo :
Parte restante del título [NR] de príncipes, caciques y otros animales políticos /
Mención de responsabilidad, etc. [NR] Ignacio Iturralde Blanco
260 ## - PUBLICACION, DISTRIBUCION, ETC. (PIE DE IMPRENTA) [R]
Lugar de publicación, distribución, etc. [R] España;
Nombre del editor, distribuidor, etc. [R] Batiscafo,
Fecha de publicación, distribución, etc. [R] 2015
300 ## - DESCRIPCION FISICA [R]
Extensión [R] 144 páginas
490 ## - MENCION DE SERIE [R]
Mención de serie [R] Descubrir la filosofía
520 ## - NOTA DE RESUMEN, ETC. [R]
Nota de sumario, etc. [NR] Monografía que aborda el pensamiento, vida y contexto histórico de Nicolás Maquiavelo. Analiza su trayectoria como diplomático en la Florencia renacentista, sus misiones internacionales y la posterior estructuración de sus teorías sobre el poder, el Estado y la filosofía política. Discute la concepción de la moral de gobierno, el falso principio del fin justifica los medios y determina la naturaleza de su realismo político en la actualidad.
600 ## - ASIENTO SECUNDARIO DE MATERIA - NOMBRE PERSONAL [R]
Nombre personal [NR] Maquiavelo, Nicolás,
Fechas asociadas con el nombre [NR] 1469-1527
Subdivisión general [R] Pensamiento político y social
9 (RLIN) 189746
650 #4 - ASIENTO SECUNDARIO DE MATERIA - TERMINO TEMATICO [R]
Término temático o nombre geográfico como elemento de entrada [NR] Filosofía política
Subdivisión cronológica [R] Siglo XVI
9 (RLIN) 189747
650 #4 - ASIENTO SECUNDARIO DE MATERIA - TERMINO TEMATICO [R]
Término temático o nombre geográfico como elemento de entrada [NR] Ética política
Subdivisión cronológica [R] Siglo XVI
9 (RLIN) 189748
650 #4 - ASIENTO SECUNDARIO DE MATERIA - TERMINO TEMATICO [R]
Término temático o nombre geográfico como elemento de entrada [NR] Jefes de Estado
Subdivisión general [R] Conducta política
9 (RLIN) 189749
700 1# - ASIENTO SECUNDARIO - NOMBRE PERSONAL [R]
Nombre personal [NR] García, Nacho
Término de relación [R] ilustrador
9 (RLIN) 189642
942 ## - ELEMENTOS DE ENTRADA AGREGADOS (KOHA)
Sistema de clasificación DEWEY
Tema principal Ciencia política
Tipo de ítem principal el descrito en 300a Libro
Edición 1
Clasificación 320.092
Parte restante de la signatura top. I91m
Existencias
Fecha de último préstamo Total préstamos Signatura topográfica Código de barras Prestado Última vez visto Ejemplar Costo de reposición Price effective from Tipo de ítem Perdido Sistema de clasificación Dañado No prestable Tipo de ítem específico Suprimido Ubicación habitual Ubicación actual Localización Fecha de creación Forma de adquisición
18/06/2026 1 320.092 I91m 100175428 31/12/2026 18/06/2026 Ej.1 26000.00 17/06/2026 Libro   DEWEY     Libro   Claustro Claustro 2do piso 17/06/2026 Donación